| 000 -LEADER |
| fixed length control field |
00817cam a2200229Ia 4500 |
| 020 ## - INTERNATIONAL STANDARD BOOK NUMBER |
| ISBN |
285629054X |
| 040 ## - CATALOGING SOURCE |
| Transcribing agency |
ABC |
| 082 ## - DEWEY DECIMAL CLASSIFICATION NUMBER |
| Classification number |
510 SOC 1996 A026 Or. |
| 100 1# - MAIN ENTRY--AUTHOR NAME |
| Personal name |
Hida, Haruzo |
| 245 10 - TITLE STATEMENT |
| Title |
On the search of genuine p-adic modular L-funtions for GL(n) / |
| 246 30 - VARYING FORM OF TITLE |
| Title proper/short title |
p-adic modular L-funtions for GL(n) |
| 246 33 - VARYING FORM OF TITLE |
| Title proper/short title |
Genuine p-adic modular L-funtions |
| 260 ## - PUBLICATION, DISTRIBUTION, ETC. (IMPRINT) |
| Place of publication |
[Paris, France] : |
| Name of publisher |
Soci©♭t©♭ math©♭matique de France, |
| Year of publication |
1996 |
| 300 ## - PHYSICAL DESCRIPTION |
| Number of Pages |
110 p. ; |
| Dimensions |
24 cm |
| 490 1# - SERIES STATEMENT |
| Series statement |
M©♭moires de la Soci©♭t©♭ math©♭matique de France ; |
| 500 ## - GENERAL NOTE |
| General note |
Cover title |
| 500 ## - GENERAL NOTE |
| General note |
Includes abstract in French |
| 500 ## - GENERAL NOTE |
| General note |
"Suppl©♭ment au Bulletin de la Soci©♭t©♭ math©♭matique de France ; tome 124, fascicule 4." |
| 650 #0 - SUBJECT ADDED ENTRY--TOPICAL TERM |
| Topical Term |
L-functions |
| 650 #0 - SUBJECT ADDED ENTRY--TOPICAL TERM |
| Topical Term |
p-adic analysis |
| 942 ## - ADDED ENTRY ELEMENTS (KOHA) |
| Koha item type |
សៀវភៅភាសាអង់គ្លេស |
| 952 ## - LOCATION AND ITEM INFORMATION (KOHA) |
| Withdrawn status [LOCAL, KOHA] |
0 |